Вещественный состав и генезис сульфидной минерализации в кварцевой жиле Мочищенского гранитоидного массива (КТСЗ); Проблемы геологии и освоения недр

Bibliografische gegevens
Parent link:Проблемы геологии и освоения недр.— 2009.— С. 124-126
Hoofdauteur: Белицер Д. С.
Andere auteurs: Новосёлов К. Л. (научный руководитель)
Taal:Russisch
Gepubliceerd in: 2009
Onderwerpen:
Formaat: MixedMaterials Hoofdstuk
KOHA link:https://koha.lib.tpu.ru/cgi-bin/koha/opac-detail.pl?biblionumber=180714

MARC

LEADER 00000naa2a2200000 4500
001 180714
005 20231031170846.0
035 |a (RuTPU)RU\TPU\book\195910 
090 |a 180714 
100 |a 20100525d2009 k y0rusy50 ca 
101 0 |a rus 
102 |a RU 
200 1 |a Вещественный состав и генезис сульфидной минерализации в кварцевой жиле Мочищенского гранитоидного массива (КТСЗ)  |f Д. С. Белицер  |g науч. рук. К. Л. Новосёлов 
320 |a Библиогр.: 5 назв. 
463 0 |0 (RuTPU)RU\TPU\book\186895  |y 978-5-98298-569-9  |t Проблемы геологии и освоения недр  |o труды XIII Международного симпозиума имени академика М. А. Усова студентов и молодых ученых, посвященного 110-летию со дня рождения К. В. Радугина  |f Томский политехнический университет (ТПУ), Институт геологии и нефтегазового дела (ИГНД)  |v С. 124-126  |d 2009  |p 993 с. 
610 1 |a минерализация 
610 1 |a сульфиды 
610 1 |a гранитоиды 
610 1 |a кварц 
610 1 |a Мочищенский массив 
610 1 |a Колывань-Томская складчатая зона 
610 1 |a труды учёных ТПУ 
700 1 |a Белицер  |b Д. С. 
702 1 |a Новосёлов  |b К. Л.  |4 727 
801 1 |a RU  |b 63413507  |c 20100525 
942 |c BK